00277nam a2200109Ia 4500008004100000100002000041245003100061250002000092260001100112500002500123650001900148230524s9999 xx 000 0 und d aP.Chattopadhyay 0aEngineering Thermodynamics aRevised 1st ed. bOxford aQuantity Number: 60 aThermodynamics